000 00962nas a2200277Ia 4500
001 db17-50078
003 IT-MiCISF
008 161014c99999999xx |||||||||||| ||und||
040 _aIT-MiCISF
_cIT-MiCISF
041 _aSPAGNOLO
100 _aGarcia Peregrin Eduardo
210 _aProyeccion
222 _aProyeccion
240 _aA proposito de la creacion de vida artificial: jugar a ser Dios? O colaborar con Dios en la creacion?
245 2 _aA proposito de la creacion de vida artificial: jugar a ser Dios? O colaborar con Dios en la creacion?
250 _a1a ed.
260 _c2011
501 _bCISF - Centro Internazionale Studi Famiglia - Via Giotto, 36 20145 MILANO (non commercial uses only)
_cCopyright 2016
300 _app. 195-222
362 _a [2011]
500 _a Tema: bioetica, vita, procreazione-artificiale, teologia
650 _aBIOETICA
_varticolo
700 _aAA.VV.
942 _cCR
957 _71
999 _a50078
_bSi
_g1
_c218345
_d218345